Central Library OPAC University of Rajshahi

Mechanics of materials / (Record no. 86292)

MARC details
000 -LEADER
fixed length control field 01007nam a2200301 a 4500
001 - CONTROL NUMBER
control field 86292
003 - CONTROL NUMBER IDENTIFIER
rucl marc code BD-RjUL
005 - DATE AND TIME OF LATEST TRANSACTION
control field 20260401143650.0
008 - FIXED-LENGTH DATA ELEMENTS--GENERAL INFORMATION
fixed length control field 260401r20242021ii a 001 0 eng
020 ## - INTERNATIONAL STANDARD BOOK NUMBER
International Standard Book Number 9789390219421
035 ## - SYSTEM CONTROL NUMBER
System control number (BD-RjUL)86292
040 ## - CATALOGING SOURCE
Original cataloging agency DLC
Transcribing agency DLC
Modifying agency MYG
-- BD-RjUL
Language of cataloging eng
041 ## - LANGUAGE CODE
Language code of text/sound track or separate title eng
082 00 - DEWEY DECIMAL CLASSIFICATION NUMBER
Edition number 23
Classification number 620.1123
Author mark and year BEM 2024
100 ## - MAIN ENTRY--PERSONAL NAME
Personal name Beer, Ferdinand P.
Fuller form of name (Ferdinand Pierre),
Dates associated with a name 1915-2003.
9 (RLIN) 17955
245 10 - TITLE STATEMENT
Title Mechanics of materials /
Statement of responsibility, etc. Ferdinand P. Beer, E. Russell Johnston, John T. DeWolf, David F. Mazurek, Sanjeev Sanghi.
250 ## - EDITION STATEMENT
Edition statement 8th special indian edition
260 ## - PUBLICATION, DISTRIBUTION, ETC. (IMPRINT)
Place of publication, distribution, etc. Chennai :
Name of publisher, distributor, etc. McGraw-Hill,
Date of publication, distribution, etc. c2021.
300 ## - PHYSICAL DESCRIPTION
Pagination xiv, 831 p. :
Illustrations ill. ;
Size 25 cm.
500 ## - GENERAL NOTE
General note Includes index.
650 #0 - SUBJECT ADDED ENTRY--TOPICAL TERM
Topical term or geographic name as entry element Strength of materials.
9 (RLIN) 195937
Topical term or geographic name as entry element Mechanics of materials
9 (RLIN) 195938
700 1# - ADDED ENTRY--PERSONAL NAME
Personal name Johnston, E. Russell
Personal name DeWolf, John T.
Personal name Mazurek, David F.
Personal name Sanghi, Sanjeev
942 ## - ADDED ENTRY ELEMENTS (KOHA)
Source of classification or shelving scheme Dewey Decimal Classification
Koha item type Books
Holdings
Lost status Source of classification or shelving scheme Damaged status Not for loan Collection code Permanent Location Current Location Shelving location Date acquired Source of acquisition Cost, normal purchase price Total Checkouts Full call number Date last seen Copy number Koha item type
  Dewey Decimal Classification   Not For Loan Non-fiction Central Library, University of Rajshahi Central Library, University of Rajshahi Reading Room 01/04/2026 Omni Concept, Dhaka 1720.00   620.1123 BEM 2024 01/04/2026 C-1 Books
  Dewey Decimal Classification     Non-fiction Central Library, University of Rajshahi Central Library, University of Rajshahi General Stacks 01/04/2026 Omni Concept, Dhaka 1720.00   620.1123 BEM 2024 01/04/2026 C-2 Books